| 000 | 00375cam a2200145ua 4500 | ||
|---|---|---|---|
| 041 |
_aeng _h |
||
| 082 |
_a828.09 _bREA/CO |
||
| 100 | _aRead, Herbert . | ||
| 245 |
_aCollected essays in literary criticism / _cHerbert read. _hTextual Documents |
||
| 260 |
_aLondon : _bFaher and Faher ltd , _c1950. |
||
| 300 | _a381 ; . | ||
| 504 | _a | ||
| 942 | _cBK | ||
| 999 |
_c4912 _d4912 |
||